000 00634nam a2200205 i 4500
001 135659
003 ES-MaACL
005 20250815113044.0
007 t|
008 070730s1945 sp ||||1| spa d
080 _a547(075.8)
100 1 _aTorres González, Cándido.
_9110963
245 1 0 _aTratado de química orgánica /
_cC. Torres González.
260 _aMadrid :
_bS.A.E.T.A.,
_c1945.
300 _a2 v. (1316 p.) ;
_c25 cm.
505 8 _aContiene: v. I. Serie acíclica - v. II. Serie cíclica
650 7 _aQuímica orgánica
_2embne
_9136799
852 _aES-MaACL
_jL-11860-61
_bR.111436
999 _c135659
_d135659